Quel est ce club de foot ? - Statistiques

Statistiques générales
  • Ce quiz a été pris 150 fois
  • Le résultat moyen est 12 sur 20
Statistiques - réponses
Par images Réponse % Correct
Barcelone
98%
Real Madrid
93%
OM
78%
Reims
74%
Bologne
71%
Betis Seville
68%
Flamengo
64%
Wolverhampton
63%
Hambourg
62%
Dynamo Kiev
61%
Rayo Vallecano
58%
Al-Hilal
56%
Bournemouth
56%
Club America
50%
Norwich City
47%
Augsbourg
42%
Vitesse
35%
Venise
33%
Al-Ahly
25%
Ludogorets
18%
Aucun quiz correspondant
Distribution des résultats
% des personnes avec chaque résultat
Percentile par nombre de réponses
Votre historique - résultats
Vous n’avez pas pris ce quiz